| 000 | 00679nam1a22002171i 4500 | ||
|---|---|---|---|
| 001 | rc\2895410 | ||
| 005 | 20240723194128.0 | ||
| 035 | _a(NLR Aleph) 007047383 | ||
| 090 |
_a6156775 _c6156775 |
||
| 100 | _a20110727g19281930|||y0rusy50 ca | ||
| 101 | 0 | _arus | |
| 102 | _aRU | ||
| 105 | _ay z ||||| | ||
| 200 | 1 |
_aРабочая научно-популярная библиотека _eКнижка 1- |
|
| 210 |
_aБаку _cгазета "Вышка" _d1928-1930 |
||
| 215 | _d22 см | ||
| 225 | 1 | _aДешевая рабочая популярно-научная библиотека | |
| 801 | 0 |
_aRU _bNLR _gpsbo |
|
| 801 | 1 |
_aRU _bELAR _2rusmarc |
|
| 852 |
_aNLR _j60/3747 |
||
| 942 | _cBOOK | ||